English romantic writers

Spremljeno u:
Bibliografski detalji
Glavni autor: Battenhouse, Henry M.
Format: Knjiga
Jezik:Undetermined
Izdano: New York, Estados Unidos Barron´s Educational Series 1958
Teme:
Oznake: Dodaj oznaku
Bez oznaka, Budi prvi tko označuje ovaj zapis!

MARC

LEADER 00000nam a2200000Ia 4500
008 170316s9999 xx 000 0 und d
040 |a cru BVZT 
090 |a A-820 B-2e 
100 |a Battenhouse, Henry M. 
245 |a English romantic writers 
260 |a New York, Estados Unidos 
260 |b Barron´s Educational Series 
260 |c 1958 
300 |a 322 páginas 
650 |a LITERATURA INGLESA 
650 |a ANTOLOGÍA 
999 |c 12330  |d 12330 
942 |c 15 D  |h A-820 B-2e  |2 z